000 00542nam a22001817a 4500
999 _c121509
_d121509
005 20210226112743.0
008 210226b ||||| |||| 00| 0 eng d
040 _cPK-LaUMT
082 _aRHC 891.4394
_bGHA-T
100 _aGhafoor Shah Qasim = غفور شاہ قاسم
245 _aTabeer-i-harf = تعبیر حرف /
_cby Ghafoor Shah Qasim = غفور شاہ قاسم
260 _aFaisalabad :
_bMisal Publishers,
_c2014
300 _a352 p.
546 _aUrdu
650 _aUrdu literature
650 _aUrdu essays
942 _cBK